| 000 | 03021cam a2200421 4500500 | ||
|---|---|---|---|
| 005 | 20251228063844.0 | ||
| 041 | _afre | ||
| 042 | _adc | ||
| 100 | 1 | 0 |
_aThiaw, Cheikh Abdou Lahad _eauthor |
| 245 | 0 | 0 | _aInnovation collaborative à l’ère du Big et de l’Open Data |
| 260 | _c2024. | ||
| 500 | _a76 | ||
| 520 | _aL’article propose une analyse prospective d’un phénomène nouveau, l’exploitation des données du Big et de l’ Open Data afin d’accéder à plus de connaissances clés pour irriguer l’innovation collaborative. À l’ère des datas, l’objectif est de proposer une articulation nouvelle de la co-innovation au sein des clusters, permettant aux acteurs engagés de profiter pleinement des opportunités d’innovation permises par les données. Les résultats de l’étude exploratoire autorisent la conceptualisation de modèles de clusters « nomades » (Thiaw, 2022), faisant référence à des espaces d’innovation translocaux, fondés sur la mutualisation de ressources et de connaissances au profit d’acteurs hétérogènes décidés à collaborer pour innover ensemble. L’originalité du modèle réside dans la non-nécessité de la proximité géographique des parties prenantes et la prise en compte des données dans les processus de co-innovation, pour s’adapter aux réalités de la nouvelle économie. | ||
| 520 | _aThis article proposes a prospective analysis of a new phenomenon, the exploitation of big and open data to access more key knowledge to support collaborative innovation. In the era of data, we aim to propose a new articulation of co-innovation within clusters, allowing committed stakeholders to take full advantage of innovation opportunities enabled by data. The results of the exploratory study allow for the conceptualization of nomadic clusters models (Thiaw, 2022), referring to translocal innovation spaces, based on the pooling of resources and knowledge for the benefit of heterogeneous actors sharing resources to innovate together. The originality of this model lies in the non-necessity of the geographical proximity of the stakeholders and the consideration of data in the co-innovation processes, to adapt to the realities of the new economy. | ||
| 690 | _aBig Data | ||
| 690 | _aClusters | ||
| 690 | _aCo-innovation | ||
| 690 | _aData-driven Innovation | ||
| 690 | _aDisruption | ||
| 690 | _aInnovation collaborative | ||
| 690 | _anomades | ||
| 690 | _aOpen Data | ||
| 690 | _aBig Data | ||
| 690 | _aC810 | ||
| 690 | _aCo-innovation | ||
| 690 | _aData-driven innovation | ||
| 690 | _aDisruption | ||
| 690 | _aInnovation collaborative | ||
| 690 | _aL140 | ||
| 690 | _aL170 | ||
| 690 | _aM310 | ||
| 690 | _aNomadic clusters | ||
| 690 | _aO310 | ||
| 690 | _aO320 | ||
| 690 | _aOpen Data | ||
| 786 | 0 | _nMarché et organisations | 51 | 3 | 2024-07-31 | p. 199-231 | 1953-6119 | |
| 856 | 4 | 1 | _uhttps://shs.cairn.info/revue-marche-et-organisations-2024-3-page-199?lang=fr&redirect-ssocas=7080 |
| 999 |
_c1588879 _d1588879 |
||